|
|
|
|
| LEADER |
00000nam0a2200000 4500 |
| 001 |
91322 |
| 005 |
20231031104009.0 |
| 035 |
|
|
|a (RuTPU)RU\TPU\book\97908
|
| 090 |
|
|
|a 91322
|
| 100 |
|
|
|a 20060222d1968 km y0rusy50 ca
|
| 101 |
0 |
|
|a rus
|
| 102 |
|
|
|a RU
|
| 105 |
|
|
|a a z 001zy
|
| 200 |
1 |
|
|a Освещение промышленных зданий
|f Н. М. Гусев, Н. Н. Киреев
|
| 210 |
|
|
|a Москва
|c Стройиздат
|d 1968
|
| 215 |
|
|
|a 161 с.
|c ил.
|
| 320 |
|
|
|a Библиогр.: с. 159-160.
|
| 610 |
1 |
|
|a промышленные предприятия
|
| 610 |
1 |
|
|a освещение
|
| 610 |
1 |
|
|a условия труда
|
| 610 |
1 |
|
|a цеха
|
| 610 |
1 |
|
|a критерии
|
| 610 |
1 |
|
|a природная среда
|
| 610 |
1 |
|
|a комфортные условия
|
| 610 |
1 |
|
|a рекомендации
|
| 610 |
1 |
|
|a проектирование
|
| 675 |
|
|
|a 628.9:725.4
|v 3
|
| 700 |
|
1 |
|a Гусев
|b Н. М.
|g Николай Михайлович
|
| 701 |
|
1 |
|a Киреев
|b Н. Н.
|g Николай Николаевич
|
| 801 |
|
1 |
|a RU
|b 63413507
|c 20060222
|g PSBO
|
| 801 |
|
2 |
|a RU
|b 63413507
|c 20221214
|g PSBO
|
| 942 |
|
|
|c BK
|